00323nam a2200097Ia 4500008004100000020001500041100002800056245007800084260004400162300001900206180205s9999 xx 000 0 und d a9712318648 aDe Jesus, Evangeline M. aPsychological tests :btheories, administration, scoring and applications aRecto avenue citybREX book storec1998 aiii, 206 pages